| 000 | 00749cam a22002651 4500 | ||
|---|---|---|---|
| 999 |
_c127372 _d127372 |
||
| 001 | 9813711 | ||
| 003 | ARRUPE | ||
| 005 | 20180112105828.0 | ||
| 008 | 790511s1957 fr 000 0 fre | ||
| 010 | _a 57040943 | ||
| 035 | _a(OCoLC)4951806 | ||
| 040 |
_aDLC _cKyLoU _dOCoLC _dDLC |
||
| 042 | _apremarc | ||
| 050 | 0 | 0 |
_aBL304 _b.E43 |
| 100 | 1 |
_aEliade, Mircea, _d1907-1986. _938431 |
|
| 245 | 1 | 0 |
_aMythes, rêves et mystères. _cMircea Eliade |
| 260 |
_aParis _bGallimard _c1957 |
||
| 300 |
_a310 p. _c19 cm. |
||
| 490 | 0 |
_aLes Essais, _v84 |
|
| 650 | 0 |
_aMyth _911758 |
|
| 650 | 0 |
_aMysteries, Religious. _938432 |
|
| 650 | 0 |
_aSymbolism _938433 |
|
| 906 |
_a7 _bcbc _coclcrpl _du _encip _f19 _gy-gencatlg |
||
| 942 |
_2lcc _cMONOGRAPH |
||